Parque Nacional Sangay : guía de peces = fish guide = namak unuimiatrin /

Detalles Bibliográficos
Autores principales: Nugra, Fredy (Autor), Chaca, Ronald (Autor), Zárate, Edwin (Autor)
Formato: Electrónico eBook
Lenguaje:español
inglés
South American Indian (Other)
Publicado: Cuenca, Ecuador : Universidad del Azuay, Casa Editora, [2022]
Colección:Natura (Universidad del Azuay, Casa Editora)
Materias:
Acceso en línea:Digitalia Hispánica

MARC

LEADER 00000nam a2200000 i 4500
001 DIGUAZUAY0150
003 NyNyDIG
007 cr |||||||||||
008 251202s2022 ec a ob 001 0 spa d
006 m o d
035 |a (OCoLC)1564457308 
040 |a DGITA  |b eng  |e rda  |e pn  |c DGITA 
020 |a 9789942847652  |q eBook 
020 |z 9789942847645 
041 1 |a spa  |a eng  |a sai  |h spa 
043 |a s-ec--- 
050 1 4 |a QL632.E2 ebook 
100 1 |a Nugra, Fredy,  |e author. 
245 1 0 |a Parque Nacional Sangay :  |b guía de peces = fish guide = namak unuimiatrin /  |c Fredy Nugra, Ronald Chaca y Edwin Zárate. 
264 1 |a Cuenca, Ecuador :  |b Universidad del Azuay, Casa Editora,  |c [2022] 
300 |a 1 online resource :  |b color illustrations. 
336 |a text  |b txt  |2 rdacontent 
337 |a computer  |b c  |2 rdamedia 
338 |a online resource  |b cr  |2 rdacarrier 
347 |a text file  |2 rdaft 
347 |b PDF 
490 1 |a Natura  
504 |a Includes bibliographical references and index. 
546 |a Text in Spanish, English and Shuar. 
588 0 |a Online resource; title from PDF title page (Digitalia, viewed December 2, 2025) 
650 0 |a Freshwater fishes  |z Ecuador  |x Identification. 
650 0 |a Fishes  |z Ecuador  |x Identification. 
651 0 |a Parque Nacional Sangay (Ecuador) 
700 1 |a Chaca, Ronald,  |e author. 
700 1 |a Zárate, Edwin,  |e author. 
791 2 |a Digitalia (Firm),  |e distributor. 
793 0 |g Digitalia eBook Collection:  |a Universidad del Azuay 
776 0 8 |i Print version:  |a Nugra, Fredy.  |t Parque Nacional Sangay.  |d Cuenca, Ecuador : Universidad del Azuay, Casa Editora, [2022]  |z 9789942847645 
830 0 |a Natura (Universidad del Azuay, Casa Editora) 
856 4 0 |3 Digitalia Hispánica  |u https://www.digitaliapublishing.com/a/133535/ 
910 |a Premium collection: 2025